Guess The Nets Player 2024-2025 Roster - Statistics

General Stats
  • This quiz has been taken 4 times
  • The average score is 2 of 18
Answer Stats
Answer Outside Scoring Inside Scoring Defense Athleticism Playmaking Rebounding Badges % Correct
Nic Claxton 61 72 76 79 45 77 10
100%
Cameron Johnson 88 66 61 75 58 48 6
50%
Ben Simmons 54 76 72 83 83 62 6
25%
Bojan Bogdanovic 75 60 57 75 68 42 5
0%
Cam Thomas 87 72 46 75 66 41 11
0%
D’Angelo Russell 77 60 54 75 84 41 13
0%
Dariq Whitehead 69 57 57 76 66 43 0
0%
Day’Ron Sharpe 60 59 66 75 54 89 5
0%
De’Anthony Melton 74 58 76 74 76 53 8
0%
Jalen Wilson 82 61 43 73 61 48 0
0%
Keon Johnson 67 53 60 81 68 55 2
0%
Maxwell Lewis 68 48 49 72 60 38 0
0%
Noah Clowney
0%
Reece Beekman 61 40 59 75 72 43 0
0%
Tosan Evbuomwan 71 55 50 74 61 59 0
0%
Trendon Watford 75 73 51 76 54 56 5
0%
Tyrese Martin 71 57 52 72 64 59 2
0%
Ziaire Williams 69 63 66 79 60 62 2
0%
No matching quizzes found
Score Distribution
Percent of People with Each Score
Percentile by Number Answered
Your Score History
You have not taken this quiz